000 00654nam a2200229 a 4500
001 000036055
003 DO-SdBNP
005 20180328090206.0
008 111125s1999 dr a 000 0 spa d
040 _aBNPHU
_bspa
_cBNPHU
092 _axxxx
_bM491, 1999
100 1 _aMedina, Ramona
245 1 0 _aHistoria de nuestro himno nacional.
250 _a2a ed.
260 _aSanto Domingo :
_bEditora de Colores,
_c1999.
300 _a39 p. :
_bil.
490 1 _aEdiciones d´Domicanos
_aSerie
_v1
830 0 _aEdiciones d´Domicanos
_pSerie
_v1
942 _2ddc
_cBK
945 _aInventariado / 2018 VM
956 _aVMATEO
_b10
_c20180329
_lBPMSU
_h0069
999 _c13359
_d13359